000 00569nam a2200217Ia 4500
003 OSt
005 20220923225557.0
006 a|||||r|||| 00| 0
007 ta
008 220922b |||||||| |||| 00| 0 rus d
024 _a271,849
037 _cTextual
040 _aARTS
_cARTS
_brus
041 _2rus
_arus
082 _aO142,3x, 153K8
245 0 _aਚੋਣਵੀਆਂ ਰੂਸੀ ਕਹਾਣੀਆਂ
260 _c1968
650 _aਰਾFੀਅਨ ਸਾਹਿਤ
942 _hO142,3x, 153K8
_cTEXL
_2CC
999 _c379235
_d379235